01458nam a2200361 4500001000200000003000900002005001700011008002900028015000600057017000900063020001800072035000600090040002500096082002900121084000900150245018500159260005500344300002700399490002600426500004200452504000600494534011000500590002600610650006700636650004600703700003500749700004300784710004400827910004000871942001200911952015600923999001701079 DO-SdBNP20240322072913.0160127s2010 mx d spa a  a b  a9786071601711 a  aBPMSUbspacBPMSUe  4a321.8098bM227d 2010222 a 2 03aLa democracia cristiana en América Latina : bconflictos y competencia electoral / c Scott Mainwaring and Timothy R. Scully (editores) ; traducción de Roberto Reyes Mazzoni.  aMéxico :bFondo de Cultura Econonómica, c2010 a520 p. ;c23 cm.b e 0 aPolítica y derecho  a Incluye bibliografías e índice.  a  pTítulo original : tChristian democracy in Latin America : electoral competition and regime conflicts.  aInventariado, 2024/VM 4aPartidos democráticos cristianos zAmérica Latina. x y  4aDemocracia cristiana zAmérica Latina. 1 aMainwaring, Scott, eedd1954  aReyes Mazzoni, Roberto, etr.d1940- 2 aFondo de Cultura Económica (México) aVMateo V. Control de calidad. BPMSU 2ddccBK 00102ddc40708CGaBPMETbBPMETd2024-03-22eFondo de Cultura Económical0oBPMSU CG 321.8098 M227d 2010pBPMSU24030074r2024-03-22w2024-03-22yBK c14612d14612